[Event "Internet Section 09A g/8'+2\""]
[Site "Dos Hermanas"]
[Date "2004.03.09"]
[Round "3"]
[White "Mekhitarian, Krikor Sevag"]
[Black "Djukic, Zeljko"]
[Result "1-0"]
[WhiteElo "2244"]
[BlackElo "2428"]
[PlyCount "161"]
[EventDate "2004.03.09"]
[EventType "swiss (blitz)"]
[EventRounds "9"]
[EventCountry "ESP"]
[SourceTitle "CBM 099 Extra"]
[Source "ChessBase"]
[SourceDate "2004.05.04"]
[SourceVersion "1"]
[SourceVersionDate "2004.05.04"]
[SourceQuality "1"]

1. e4 d6 2. d4 Nf6 3. Nc3 g6 4. Nf3 Bg7 5. Bc4 c6 6. Qe2 O-O 7. O-O Bg4 8. h3
Bxf3 9. Qxf3 Nbd7 10. Qe2 e5 11. dxe5 dxe5 12. Kh1 b5 13. Bb3 Nc5 14. Be3 Qe7
15. Bxc5 Qxc5 16. a4 b4 17. Nb1 Rad8 18. Nd2 Rd4 19. Rad1 Rfd8 20. Nf3 Nxe4 21.
Nxd4 Rxd4 22. Rxd4 Qxd4 23. Qf3 Bf6 24. Kg1 Kg7 25. Rd1 Nd2 26. Qe2 Bg5 27. g3
h5 28. h4 Bh6 29. Bc4 e4 30. b3 c5 31. Kg2 f5 32. Ba6 f4 33. gxf4 Bxf4 34. Qb5
Qc3 35. Qd7+ Kh6 36. Be2 Nf3 37. Qe7 Ne1+ 38. Kf1 Bd2 39. Qf8+ Kh7 40. Qf7+ Kh6
41. Qe6 Nf3 42. Qxe4 Nd4 43. Qd3 Qxd3 44. Bxd3 Bc3 45. Kg2 g5 46. hxg5+ Kxg5
47. Rh1 h4 48. Rh3 Ne6 49. Kf3 Nf4 50. Rh1 h3 51. Rg1+ Ng2 52. Kg3 Kf6 53. Kxh3
Nf4+ 54. Kg4 Nd5 55. Kf3 Bd4 56. Rg6+ Kf7 57. Ra6 Ne7 58. Bc4+ Kf8 59. Rxa7 Nf5
60. Ra8+ Ke7 61. Ke4 Nd6+ 62. Kd5 Nf5 63. a5 Bxf2 64. a6 Ne3+ 65. Kxc5 Nxc2+
66. Kb5 Na3+ 67. Kxb4 Nc2+ 68. Kc3 Nd4 69. a7 Nc6 70. Re8+ Kxe8 71. a8=Q+ Nd8
72. Qc8 Be1+ 73. Kd3 Bh4 74. Bb5+ Ke7 75. Qd7+ Kf8 76. Bc4 Be7 77. Bd5 Nf7 78.
Bxf7 Kxf7 79. b4 Kf6 80. b5 Bb4 81. Qd4+ 1-0

[Event "Internet Section 09A g/8'+2\""]
[Site "Dos Hermanas"]
[Date "2004.03.09"]
[Round "4"]
[White "Hummel, Dirk"]
[Black "Mekhitarian, Krikor Sevag"]
[Result "1-0"]
[WhiteElo "2266"]
[BlackElo "2244"]
[PlyCount "85"]
[EventDate "2004.03.09"]
[EventType "swiss (blitz)"]
[EventRounds "9"]
[EventCountry "ESP"]
[SourceTitle "CBM 099 Extra"]
[Source "ChessBase"]
[SourceDate "2004.05.04"]
[SourceVersion "1"]
[SourceVersionDate "2004.05.04"]
[SourceQuality "1"]

1. d4 Nf6 2. c4 g6 3. Nc3 d5 4. Nf3 Bg7 5. e3 O-O 6. b4 a5 7. b5 Ne4 8. Bb2
Nxc3 9. Bxc3 Bg4 10. h3 Bxf3 11. Qxf3 e6 12. Bd3 c6 13. bxc6 bxc6 14. cxd5 cxd5
15. O-O Nd7 16. a4 Qc7 17. Rfc1 Rfc8 18. Bb5 Qd6 19. Qd1 Nb6 20. Be1 e5 21.
dxe5 Qxe5 22. Rxc8+ Rxc8 23. Rc1 Nc4 24. Bxa5 Qb2 25. Be1 Ra8 26. Qc2 Qxc2 27.
Rxc2 Na3 28. Rc1 Nxb5 29. axb5 Rb8 30. Rb1 Kf8 31. Kf1 Ke7 32. Ke2 Kd7 33. Kd3
Be5 34. Bc3 Bxc3 35. Kxc3 Kd6 36. Kd4 Rb6 37. Rb2 h5 38. h4 f6 39. g3 Rb8 40.
b6 Kc6 41. b7 Kd6 42. Rb5 Kc6 43. Rb2 1-0

[Event "Internet Section 10B g/8'+2\""]
[Site "Dos Hermanas"]
[Date "2004.03.11"]
[Round "3"]
[White "Mekhitarian, Krikor Sevag"]
[Black "Karstens, Bart"]
[Result "0-1"]
[WhiteElo "2244"]
[BlackElo "2295"]
[PlyCount "60"]
[EventDate "2004.03.10"]
[EventType "swiss (blitz)"]
[EventRounds "9"]
[EventCountry "ESP"]
[SourceTitle "EXT 2005"]
[Source "ChessBase"]
[SourceDate "2004.11.15"]
[SourceVersion "1"]
[SourceVersionDate "2004.11.15"]
[SourceQuality "1"]

1. e4 e5 2. Bc4 Nf6 3. d3 Nc6 4. Nc3 Bb4 5. Nge2 d5 6. exd5 Nxd5 7. O-O Be6 8.
Bb3 O-O 9. Kh1 Re8 10. f4 Bxc3 11. bxc3 Bg4 12. h3 Nxc3 13. Nxc3 Bxd1 14. Nxd1
e4 15. dxe4 Rxe4 16. Nc3 Re8 17. Bb2 Na5 18. Rad1 Qh4 19. Nd5 Nxb3 20. axb3
Rad8 21. Be5 c6 22. Nc7 Rxd1 23. Rxd1 Rd8 24. Rf1 Rd2 25. c4 Qg3 26. Rg1 f6 27.
Ba1 Qxb3 28. c5 Rd1 29. Bd4 Rxg1+ 30. Bxg1 Qf7 0-1

[Event "Canarias en Red prel 2nd"]
[Site "playchess.com INT"]
[Date "2004.05.04"]
[Round "2"]
[White "Bente, Bjoern"]
[Black "Mekhitarian, Krikor Sevag"]
[Result "0-1"]
[WhiteElo "2187"]
[BlackElo "2244"]
[PlyCount "90"]
[EventDate "2004.05.04"]
[EventType "swiss (blitz)"]
[EventRounds "13"]
[EventCountry "GER"]
[SourceTitle "EXT 2005"]
[Source "ChessBase"]
[SourceDate "2004.11.15"]
[SourceVersion "1"]
[SourceVersionDate "2004.11.15"]
[SourceQuality "1"]

1. d4 Nf6 2. Nf3 g6 3. c4 Bg7 4. Nc3 d6 5. e4 O-O 6. h3 e5 7. d5 Nbd7 8. Be3
Nc5 9. Nd2 a5 10. Be2 Nfd7 11. Nb3 f5 12. Nxc5 Nxc5 13. Bxc5 dxc5 14. O-O Bd7
15. b3 Qg5 16. Rc1 Rad8 17. d6 c6 18. Qd3 h5 19. Na4 fxe4 20. Qe3 Qxe3 21. fxe3
Bh6 22. Rc3 Rxf1+ 23. Kxf1 Bf5 24. Nxc5 b6 25. Na4 Rb8 26. c5 b5 27. Nb6 Bg5
28. a4 b4 29. Rc1 Bd8 30. Bc4+ Kg7 31. Rd1 Bxb6 32. cxb6 Bd7 33. Be2 Rxb6 34.
Rd2 Kf6 35. Bc4 Rb8 36. Rf2+ Kg5 37. Rf7 Rd8 38. Re7 Bf5 39. Rxe5 Rxd6 40. Rxa5
Kh4 41. Ke2 Kg3 42. Rc5 Kxg2 43. a5 Bxh3 44. a6 Bg4+ 45. Ke1 Rd1# 0-1

[Event "Canarias en Red prel 2nd"]
[Site "playchess.com INT"]
[Date "2004.05.04"]
[Round "3"]
[White "Mekhitarian, Krikor Sevag"]
[Black "Karasik, Evgeni"]
[Result "1/2-1/2"]
[WhiteElo "2244"]
[BlackElo "2194"]
[PlyCount "70"]
[EventDate "2004.05.04"]
[EventType "swiss (blitz)"]
[EventRounds "13"]
[EventCountry "GER"]
[SourceTitle "EXT 2005"]
[Source "ChessBase"]
[SourceDate "2004.11.15"]
[SourceVersion "1"]
[SourceVersionDate "2004.11.15"]
[SourceQuality "1"]

1. e4 c5 2. Nf3 Nc6 3. Nc3 Nd4 4. Bc4 e6 5. Nxd4 cxd4 6. Ne2 Qc7 7. d3 Bb4+ 8.
Bd2 Bc5 9. O-O Ne7 10. Bb3 b5 11. f4 Bb7 12. Ng3 g6 13. a4 b4 14. Qe2 h5 15. e5
h4 16. Ne4 h3 17. g3 Nf5 18. Rf2 a5 19. Nf6+ Ke7 20. Ne4 Qc6 21. Re1 Kd8 22.
Bc1 Kc7 23. Qg4 Rag8 24. Bc4 Kb6 25. Bb5 Qc7 26. Nf6 Rf8 27. Nxd7+ Ka7 28. Nxf8
Bxf8 29. Qe2 Qd8 30. Bc4 Qd7 31. Bd2 Qc6 32. Qe4 Qb6 33. Qe2 Qc6 34. Qe4 Qb6
35. Qe2 Qc6 1/2-1/2

[Event "Canarias en Red prel 2nd"]
[Site "playchess.com INT"]
[Date "2004.05.04"]
[Round "5"]
[White "Mekhitarian, Krikor Sevag"]
[Black "Hummel, Dirk"]
[Result "1-0"]
[WhiteElo "2244"]
[BlackElo "2266"]
[PlyCount "123"]
[EventDate "2004.05.04"]
[EventType "swiss (blitz)"]
[EventRounds "13"]
[EventCountry "GER"]
[SourceTitle "EXT 2005"]
[Source "ChessBase"]
[SourceDate "2004.11.15"]
[SourceVersion "1"]
[SourceVersionDate "2004.11.15"]
[SourceQuality "1"]

1. e4 d5 2. exd5 Qxd5 3. Nc3 Qa5 4. d4 c6 5. Nf3 Nf6 6. Ne5 Bf5 7. Bd3 e6 8.
Bxf5 exf5 9. Qd3 Bb4 10. O-O O-O 11. Qxf5 Bxc3 12. bxc3 Qxc3 13. Bg5 Nd5 14.
Rab1 b6 15. Rb3 Qxd4 16. Rd3 Qc5 17. Rg3 Qd6 18. c4 f6 19. Rh3 Qxe5 20. Qxh7+
Kf7 21. Bh6 Rg8 22. cxd5 cxd5 23. Re3 Qh5 24. Rfe1 Nc6 25. Qc2 Qxh6 26. Qxc6
Rgd8 27. Qe6+ Kf8 28. Rc3 Re8 29. Qd6+ Kg8 30. Qxd5+ Kh8 31. Rxe8+ Rxe8 32. g3
Qg6 33. Rd3 Re1+ 34. Kg2 Qe4+ 35. Qxe4 Rxe4 36. Ra3 a5 37. Rb3 Re6 38. Rb5 Kg8
39. Kf3 Kf7 40. Kf4 g6 41. h4 Rc6 42. Kg4 Rc4+ 43. f4 Rc6 44. f5 Rc4+ 45. Kf3
g5 46. hxg5 fxg5 47. Rxb6 g4+ 48. Ke3 Ra4 49. a3 Ke7 50. Ra6 Kf7 51. Rb6 Ke7
52. Re6+ Kf7 53. Rc6 Rxa3+ 54. Kf4 Ra4+ 55. Kg5 Rb4 56. Rc7+ Ke8 57. Ra7 a4 58.
f6 Rc4 59. Kg6 Rc6 60. Kg7 Rc5 61. f7+ Kd8 62. f8=Q# 1-0

[Event "Canarias en Red prel 2nd"]
[Site "playchess.com INT"]
[Date "2004.05.04"]
[Round "6"]
[White "Volkov, Sergey"]
[Black "Mekhitarian, Krikor Sevag"]
[Result "1-0"]
[WhiteElo "2630"]
[BlackElo "2244"]
[PlyCount "86"]
[EventDate "2004.05.04"]
[EventType "swiss (blitz)"]
[EventRounds "13"]
[EventCountry "GER"]
[SourceTitle "EXT 2005"]
[Source "ChessBase"]
[SourceDate "2004.11.15"]
[SourceVersion "1"]
[SourceVersionDate "2004.11.15"]
[SourceQuality "1"]

1. d4 Nf6 2. c4 g6 3. Nc3 d5 4. cxd5 Nxd5 5. e4 Nxc3 6. bxc3 Bg7 7. Qa4+ Bd7 8.
Qb3 b6 9. Nf3 Nc6 10. Bg5 O-O 11. Be2 Na5 12. Qa3 Re8 13. O-O Be6 14. Rad1 Bc4
15. Rfe1 Bxe2 16. Rxe2 Qd7 17. h3 e6 18. e5 Qd5 19. Qc1 Rac8 20. Bf6 c5 21.
Bxg7 Kxg7 22. Qg5 Qd8 23. Qf4 cxd4 24. Rxd4 Qe7 25. Red2 Red8 26. Qf6+ Qxf6 27.
exf6+ Kxf6 28. Rxd8 Rxc3 29. R8d7 a6 30. Ra7 Nc4 31. Rdd7 Kf5 32. Rxf7+ Ke4 33.
Rxh7 b5 34. Rxa6 e5 35. Rxg6 Kd3 36. Rd7+ Kc2 37. Rg5 e4 38. Ne1+ Kc1 39. Rxb5
e3 40. fxe3 Nxe3 41. Rb3 Rc2 42. Nxc2 Nd1 43. Rxd1+ Kxc2 1-0

[Event "Pan American-ch U18"]
[Site "Bogota"]
[Date "2004.07.25"]
[Round "2"]
[White "Torres, Carlos"]
[Black "Mekhitarian, Krikor Sevag"]
[Result "0-1"]
[WhiteElo "2113"]
[BlackElo "2244"]
[PlyCount "66"]
[EventDate "2004.07.24"]
[EventType "swiss"]
[EventRounds "9"]
[EventCountry "COL"]
[SourceTitle "CBM 101 Extra"]
[Source "ChessBase"]
[SourceDate "2004.09.01"]
[SourceVersion "2"]
[SourceVersionDate "2004.09.01"]
[SourceQuality "1"]

1. c4 c5 2. Nc3 Nc6 3. g3 g6 4. Bg2 Bg7 5. d3 e6 6. e4 Nge7 7. Nge2 O-O 8. O-O
Nd4 9. Rb1 Nec6 10. a3 Rb8 11. b4 cxb4 12. axb4 Nxe2+ 13. Nxe2 b5 14. Bd2 a6
15. Qc2 Qe7 16. c5 Bb7 17. Bc3 e5 18. Rfd1 d6 19. d4 exd4 20. Nxd4 dxc5 21.
Nxc6 Bxc6 22. Bxg7 Kxg7 23. Qxc5 Qxc5 24. bxc5 a5 25. Rd6 Rfc8 26. f3 b4 27.
Bf1 a4 28. Bc4 b3 29. Rd4 Rb4 30. Rbd1 a3 31. Bd5 Rxd4 32. Rxd4 Bxd5 33. exd5
b2 0-1

[Event "Pan American-ch U18"]
[Site "Bogota"]
[Date "2004.07.25"]
[Round "3"]
[White "Mekhitarian, Krikor Sevag"]
[Black "Magas Varas, Rodrigo"]
[Result "1/2-1/2"]
[WhiteElo "2244"]
[BlackElo "2129"]
[PlyCount "63"]
[EventDate "2004.07.24"]
[EventType "swiss"]
[EventRounds "9"]
[EventCountry "COL"]
[SourceTitle "CBM 101 Extra"]
[Source "ChessBase"]
[SourceDate "2004.09.01"]
[SourceVersion "2"]
[SourceVersionDate "2004.09.01"]
[SourceQuality "1"]

1. e4 e5 2. Bc4 Nf6 3. d3 Bc5 4. Nc3 d6 5. f4 c6 6. Nf3 O-O 7. fxe5 dxe5 8. Qe2
b5 9. Bb3 Qd6 10. Be3 Re8 11. O-O Bg4 12. Kh1 Nbd7 13. Bg5 Be6 14. Nh4 Bxb3 15.
Nf5 Qe6 16. axb3 a5 17. Rf3 Bf8 18. Raf1 g6 19. Nh6+ Bxh6 20. Bxh6 Nh5 21. Qf2
f6 22. Ne2 Ng7 23. Qh4 Re7 24. Rh3 Rf7 25. Bd2 Ne8 26. g4 Nf8 27. Rhf3 Raa7 28.
Qg3 g5 29. Qf2 Ng6 30. Qc5 Nf4 31. Ng3 Qd6 32. Qf2 1/2-1/2

[Event "Pan American-ch U18"]
[Site "Bogota"]
[Date "2004.07.26"]
[Round "4"]
[White "Wang, Hao Yuan"]
[Black "Mekhitarian, Krikor Sevag"]
[Result "0-1"]
[WhiteElo "2272"]
[BlackElo "2244"]
[PlyCount "84"]
[EventDate "2004.07.24"]
[EventType "swiss"]
[EventRounds "9"]
[EventCountry "COL"]
[SourceTitle "CBM 101 Extra"]
[Source "ChessBase"]
[SourceDate "2004.09.01"]
[SourceVersion "2"]
[SourceVersionDate "2004.09.01"]
[SourceQuality "1"]

1. e4 c5 2. Nf3 d6 3. d4 cxd4 4. Nxd4 Nf6 5. Nc3 a6 6. f4 e5 7. Nf3 Nbd7 8. a4
Be7 9. Bd3 O-O 10. O-O exf4 11. Kh1 Nh5 12. Nd5 Nc5 13. Nxf4 Nxf4 14. Bxf4 Bd7
15. Qe1 Bxa4 16. Qg3 Bc6 17. Rae1 Kh8 18. Nd4 Bh4 19. Qe3 Bxe1 20. Qxe1 Ne6 21.
Be3 Nxd4 22. Bxd4 Qe7 23. Qg3 f6 24. Rf4 Rae8 25. Rh4 Qf7 26. h3 Re5 27. Rf4
Rd8 28. b3 Qe7 29. Kh2 Re8 30. Qf2 Bxe4 31. Bf1 Bc6 32. Bd3 Be4 33. Bf1 Bg6 34.
Qf3 Re4 35. g3 Rxf4 36. Qxf4 Bxc2 37. h4 Bxb3 38. Bd3 Bf7 39. g4 Bg6 40. g5
Bxd3 41. gxf6 Qe2+ 42. Kg3 Qe4 0-1

[Event "Pan American-ch U18"]
[Site "Bogota"]
[Date "2004.07.26"]
[Round "5"]
[White "Mekhitarian, Krikor Sevag"]
[Black "Obregon, Carlos Andres"]
[Result "1/2-1/2"]
[WhiteElo "2244"]
[BlackElo "2276"]
[PlyCount "47"]
[EventDate "2004.07.24"]
[EventType "swiss"]
[EventRounds "9"]
[EventCountry "COL"]
[SourceTitle "CBM 101 Extra"]
[Source "ChessBase"]
[SourceDate "2004.09.01"]
[SourceVersion "2"]
[SourceVersionDate "2004.09.01"]
[SourceQuality "1"]

1. e4 c5 2. Nf3 d6 3. Bc4 Nc6 4. Qe2 g6 5. c3 Bg7 6. O-O Qc7 7. Rd1 Nf6 8. d4
e5 9. dxc5 dxc5 10. Bg5 O-O 11. Bxf6 Bxf6 12. Na3 a6 13. Nc2 Ne7 14. Ne3 Bd7
15. a4 Rad8 16. Nd5 Nxd5 17. Bxd5 Bg4 18. h3 Bxf3 19. Qxf3 Kg7 20. Qe2 Rd7 21.
g3 Rfd8 22. h4 Rd6 23. h5 Qe7 24. Kg2 1/2-1/2

[Event "Pan American-ch U18"]
[Site "Bogota"]
[Date "2004.07.27"]
[Round "6"]
[White "Capo Vidal, Uriel"]
[Black "Mekhitarian, Krikor Sevag"]
[Result "0-1"]
[WhiteElo "2202"]
[BlackElo "2244"]
[PlyCount "92"]
[EventDate "2004.07.24"]
[EventType "swiss"]
[EventRounds "9"]
[EventCountry "COL"]
[SourceTitle "CBM 101 Extra"]
[Source "ChessBase"]
[SourceDate "2004.09.01"]
[SourceVersion "2"]
[SourceVersionDate "2004.09.01"]
[SourceQuality "1"]

1. d4 Nf6 2. c4 g6 3. Nc3 d5 4. cxd5 Nxd5 5. e4 Nxc3 6. bxc3 c5 7. Nf3 Bg7 8.
Rb1 O-O 9. Be2 b6 10. O-O Bb7 11. Qd3 Ba6 12. Qe3 cxd4 13. cxd4 Qd7 14. d5 e6
15. Bb2 Bxb2 16. Rxb2 Bxe2 17. dxe6 Qxe6 18. Rxe2 Nc6 19. Qh6 f6 20. h4 Ne5 21.
Nxe5 fxe5 22. Rd1 Rad8 23. Red2 Rd4 24. Rxd4 exd4 25. Rxd4 Qxa2 26. Qe3 a5 27.
h5 Qe6 28. Qg3 Re8 29. Rd6 Qxe4 30. hxg6 hxg6 31. Rxg6+ Kf7 32. Rg7+ Kf6 33.
Qg5+ Ke6 34. Rg6+ Kd7 35. Qb5+ Ke7 36. Rg7+ Kf8 37. Rg5 Re6 38. Rf5+ Ke7 39.
Rh5 Qe1+ 40. Kh2 Qxf2 41. Rh7+ Kf8 42. Qg5 Qf6 43. Qg4 Qe5+ 44. Kh1 Qf6 45. Rh5
Re1+ 46. Kh2 Qd6+ 0-1

[Event "Pan American-ch U18"]
[Site "Bogota"]
[Date "2004.07.28"]
[Round "7"]
[White "Garcia, Eduardo"]
[Black "Mekhitarian, Krikor Sevag"]
[Result "1-0"]
[WhiteElo "2274"]
[BlackElo "2244"]
[PlyCount "77"]
[EventDate "2004.07.24"]
[EventType "swiss"]
[EventRounds "9"]
[EventCountry "COL"]
[SourceTitle "CBM 101 Extra"]
[Source "ChessBase"]
[SourceDate "2004.09.01"]
[SourceVersion "2"]
[SourceVersionDate "2004.09.01"]
[SourceQuality "1"]

1. d4 Nf6 2. c4 g6 3. Nc3 Bg7 4. e4 d6 5. f3 O-O 6. Bg5 c5 7. d5 e6 8. Qd2 exd5
9. cxd5 a6 10. a4 Nbd7 11. Nge2 Rb8 12. Nc1 h6 13. Bf4 Ne5 14. Bxe5 dxe5 15.
Bc4 Ne8 16. a5 Nd6 17. b3 Re8 18. O-O Bf8 19. Nd3 Bd7 20. Qf2 Rc8 21. f4 exf4
22. Qxf4 Qg5 23. e5 Qxf4 24. Rxf4 Nxc4 25. bxc4 Be7 26. Raf1 Rf8 27. Ne4 Bf5
28. d6 Bd8 29. Ndxc5 Bxa5 30. Nxb7 Bb6+ 31. Kh1 Be3 32. Rxf5 gxf5 33. Nf6+ Kg7
34. d7 Rb8 35. c5 Kg6 36. c6 Bb6 37. Nd5 Bd8 38. Nxd8 Rbxd8 39. Nb6 1-0

[Event "Pan American-ch U18"]
[Site "Bogota"]
[Date "2004.07.28"]
[Round "8"]
[White "Mekhitarian, Krikor Sevag"]
[Black "Santos Flores, Alberto"]
[Result "1/2-1/2"]
[WhiteElo "2244"]
[BlackElo "2293"]
[PlyCount "99"]
[EventDate "2004.07.24"]
[EventType "swiss"]
[EventRounds "9"]
[EventCountry "COL"]
[SourceTitle "CBM 101 Extra"]
[Source "ChessBase"]
[SourceDate "2004.09.01"]
[SourceVersion "2"]
[SourceVersionDate "2004.09.01"]
[SourceQuality "1"]

1. e4 e6 2. d4 d5 3. e5 c5 4. c3 Qb6 5. Nf3 Nc6 6. a3 a5 7. b3 Bd7 8. Be3 Nh6
9. Bd3 Nf5 10. Bxf5 exf5 11. dxc5 Bxc5 12. Bxc5 Qxc5 13. O-O O-O 14. a4 Be6 15.
Re1 Rac8 16. Qd2 Qb6 17. Na3 Na7 18. Nd4 Qc5 19. Rec1 Nc6 20. Nxc6 bxc6 21. b4
Qa7 22. b5 Qc5 23. Qd4 Qxd4 24. cxd4 cxb5 25. axb5 Rxc1+ 26. Rxc1 Rc8 27. Rc5
Kf8 28. Kf1 f6 29. exf6 gxf6 30. Ke2 Ke7 31. Kd3 Kd6 32. b6 Rb8 33. Nb5+ Ke7
34. Nc3 Rxb6 35. Rxa5 Kd6 36. Na4 Rb3+ 37. Kc2 Rb4 38. Ra6+ Ke7 39. Nc5 Bf7 40.
Kc3 Rb1 41. Ra2 f4 42. f3 Bg6 43. Ra7+ Kd6 44. Ra6+ Ke7 45. Ne6 Rc1+ 46. Kd2
Rc2+ 47. Kd1 Rc4 48. Kd2 Rc2+ 49. Kd1 Rc4 50. Kd2 1/2-1/2

[Event "Pan American-ch U18"]
[Site "Bogota"]
[Date "2004.07.29"]
[Round "9"]
[White "Echeverria Acuna, Mario"]
[Black "Mekhitarian, Krikor Sevag"]
[Result "1-0"]
[WhiteElo "2196"]
[BlackElo "2244"]
[PlyCount "45"]
[EventDate "2004.07.24"]
[EventType "swiss"]
[EventRounds "9"]
[EventCountry "COL"]
[SourceTitle "CBM 101 Extra"]
[Source "ChessBase"]
[SourceDate "2004.09.01"]
[SourceVersion "2"]
[SourceVersionDate "2004.09.01"]
[SourceQuality "1"]

1. e4 c5 2. c3 d5 3. exd5 Qxd5 4. d4 Nf6 5. Nf3 cxd4 6. cxd4 e6 7. Nc3 Qa5 8.
Bd3 Be7 9. O-O O-O 10. Qe2 Bd7 11. Bf4 Bc6 12. a3 Rc8 13. Ne5 Be8 14. Rfd1 Nc6
15. Bc2 Rd8 16. Qe3 Nxe5 17. Bxe5 Rac8 18. Qh3 g6 19. Rac1 Bc6 20. Bb3 Nd5 21.
Ne4 f5 22. Qh6 Bf8 23. Nf6+ 1-0

[Event "Itau Cup 8th"]
[Site "Sao Paulo"]
[Date "2004.09.26"]
[Round "3"]
[White "Mekhitarian, Krikor Sevag"]
[Black "Crosa Coll, Martin"]
[Result "0-1"]
[WhiteElo "2244"]
[BlackElo "2400"]
[PlyCount "92"]
[EventDate "2004.09.04"]
[EventType "swiss"]
[EventRounds "9"]
[EventCountry "BRA"]
[SourceTitle "CBM 102 Extra"]
[Source "ChessBase"]
[SourceDate "2004.11.03"]
[SourceVersion "1"]
[SourceVersionDate "2004.11.03"]
[SourceQuality "1"]

1. e4 e6 2. d4 d5 3. e5 c5 4. c3 Qb6 5. Nf3 Bd7 6. a3 Bb5 7. c4 Bxc4 8. Bxc4
dxc4 9. d5 Ne7 10. Nc3 Nd7 11. O-O h6 12. Be3 g6 13. b4 cxb3 14. Rb1 b2 15. Na4
Qa5 16. dxe6 fxe6 17. Rxb2 b6 18. Qc2 Bg7 19. Qc4 Nb8 20. Rb5 Qa6 21. Nxc5 Qc8
22. Nd4 bxc5 23. Nxe6 Bxe5 24. Rxc5 Nbc6 25. Rd1 Qb7 26. f4 Bf6 27. Rb5 Qc8 28.
Rc5 Qb7 29. Rb5 Qc8 30. Rc5 Rb8 31. Rd8+ Nxd8 32. Rxc8 Rxc8 33. Qb5+ Kf7 34.
Nc5 Rc6 35. Ne4 Re8 36. g4 Bg7 37. Bc5 Kg8 38. f5 gxf5 39. Nd6 Rf8 40. Nxf5
Nxf5 41. Bxf8 Bd4+ 42. Kh1 Ne3 43. Bc5 Bxc5 44. Qb3+ Nf7 45. Qb8+ Bf8 46. Qb2
Rc2 0-1

[Event "Itau Cup 8th"]
[Site "Sao Paulo"]
[Date "2004.09.27"]
[Round "4"]
[White "Batista, Roberto Adriano"]
[Black "Mekhitarian, Krikor Sevag"]
[Result "0-1"]
[WhiteElo "2010"]
[BlackElo "2244"]
[PlyCount "94"]
[EventDate "2004.09.04"]
[EventType "swiss"]
[EventRounds "9"]
[EventCountry "BRA"]
[SourceTitle "CBM 102 Extra"]
[Source "ChessBase"]
[SourceDate "2004.11.03"]
[SourceVersion "1"]
[SourceVersionDate "2004.11.03"]
[SourceQuality "1"]

1. e4 c5 2. Nf3 d6 3. d4 cxd4 4. Nxd4 Nf6 5. Nc3 a6 6. Be3 Ng4 7. Bg5 h6 8. Bh4
g5 9. Bg3 Bg7 10. Qd2 h5 11. h3 h4 12. hxg4 hxg3 13. Rxh8+ Bxh8 14. f3 e6 15.
Bc4 Be5 16. Nce2 b5 17. Bb3 Ra7 18. O-O-O Bd7 19. Rh1 a5 20. a3 b4 21. Rh5 bxa3
22. bxa3 Bf6 23. Nxg3 a4 24. Ba2 Qb6 25. Nge2 Rb7 26. c3 Nc6 27. Nxc6 Qxc6 28.
Rh6 Ke7 29. Nd4 Qc5 30. Nc2 Bxc3 31. Qe3 Qxe3+ 32. Nxe3 Bb2+ 33. Kc2 Bxa3 34.
Nc4 Bc5 35. Rh5 a3 36. Rxg5 Ba4+ 37. Kc3 e5 38. Nxe5 Rb2 39. Bxf7 Bb4+ 40. Kd3
dxe5 41. Bd5 Bb5+ 42. Bc4 Rb3+ 43. Kc2 Rc3+ 44. Kb1 Bxc4 45. Rg7+ Bf7 46. g5
a2+ 47. Kb2 Ba3+ 0-1

[Event "Itau Cup 8th"]
[Site "Sao Paulo"]
[Date "2004.09.28"]
[Round "5"]
[White "Mekhitarian, Krikor Sevag"]
[Black "Bere Filho, Romulo Fernando"]
[Result "0-1"]
[WhiteElo "2244"]
[BlackElo "2108"]
[PlyCount "134"]
[EventDate "2004.09.04"]
[EventType "swiss"]
[EventRounds "9"]
[EventCountry "BRA"]
[SourceTitle "CBM 102 Extra"]
[Source "ChessBase"]
[SourceDate "2004.11.03"]
[SourceVersion "1"]
[SourceVersionDate "2004.11.03"]
[SourceQuality "1"]

1. e4 c6 2. d4 d5 3. Nc3 dxe4 4. Nxe4 Bf5 5. Ng3 Bg6 6. Bc4 Nf6 7. h4 h6 8. Nf3
Nbd7 9. Qe2 e6 10. Ne5 Nxe5 11. dxe5 Nd7 12. h5 Bh7 13. O-O Qc7 14. f4 O-O-O
15. a4 Nb6 16. Bb3 Kb8 17. a5 Nd5 18. Ne4 Be7 19. Bd2 Ka8 20. Ra4 c5 21. c3 Rc8
22. Bc4 Rhd8 23. a6 b6 24. Bb5 Kb8 25. Rf3 Bf8 26. Kh1 Bf5 27. Rf2 Qe7 28. g3
Qc7 29. Qf3 f6 30. exf6 Nxf6 31. Nxf6 gxf6 32. g4 Bc2 33. Ra1 f5 34. Re1 fxg4
35. Qxg4 Bf5 36. Qf3 Qf7 37. Bf1 Rc7 38. Bg2 Kc8 39. c4 Bg7 40. Bc3 Bd4 41. Rd1
Rd6 42. b4 Qf6 43. Bxd4 Rxd4 44. Rxd4 cxd4 45. b5 Kd7 46. Qa8 d3 47. c5 bxc5
48. b6 axb6 49. Rf1 Qd8 50. Qf3 Ke7 51. Bh3 Bxh3 52. Qxh3 Qa8+ 53. Kh2 Qxa6 54.
f5 d2 55. Qh4+ Ke8 56. Qf2 Rf7 57. Rg1 Rxf5 58. Qxd2 Rxh5+ 59. Kg2 Rg5+ 60. Kf2
Rxg1 61. Kxg1 Qa1+ 62. Kg2 Qg7+ 63. Kf3 Qf6+ 64. Ke2 Qe5+ 65. Kf1 Qf5+ 66. Ke1
Qe4+ 67. Kf1 Qh1+ 0-1

[Event "Itau Cup 8th"]
[Site "Sao Paulo"]
[Date "2004.09.29"]
[Round "6"]
[White "De Miranda, Alexandre Pinto"]
[Black "Mekhitarian, Krikor Sevag"]
[Result "0-1"]
[WhiteElo "2048"]
[BlackElo "2244"]
[PlyCount "74"]
[EventDate "2004.09.04"]
[EventType "swiss"]
[EventRounds "9"]
[EventCountry "BRA"]
[SourceTitle "CBM 102 Extra"]
[Source "ChessBase"]
[SourceDate "2004.11.03"]
[SourceVersion "1"]
[SourceVersionDate "2004.11.03"]
[SourceQuality "1"]

1. e4 c5 2. Nc3 a6 3. g3 b5 4. Bg2 Bb7 5. Nge2 Nf6 6. a4 b4 7. Nd5 e6 8. Nxf6+
gxf6 9. O-O Nc6 10. d4 cxd4 11. Nxd4 Bc5 12. Nxc6 Bxc6 13. Qh5 Qe7 14. Re1 Rc8
15. Bh6 Rg8 16. Bd2 Qf8 17. Bh6 Qe7 18. Bd2 Kd8 19. c3 a5 20. Be3 Bb7 21. cxb4
axb4 22. Qxh7 Re8 23. Bxc5 Rxc5 24. a5 Bc6 25. a6 Kc7 26. a7 Rc2 27. Ra5 b3 28.
e5 Qb4 29. Raa1 Qc5 30. Rf1 Bxg2 31. Kxg2 f5 32. Qxf7 Rd8 33. Kg1 Rxb2 34. a8=Q
Rxa8 35. Rxa8 Rxf2 36. Qf8 Rxf1+ 37. Kxf1 Qxf8 0-1

[Event "Itau Cup 8th"]
[Site "Sao Paulo"]
[Date "2004.10.02"]
[Round "9"]
[White "Mekhitarian, Krikor Sevag"]
[Black "Chiaramitara, Pedro Jr"]
[Result "0-1"]
[WhiteElo "2244"]
[BlackElo "2085"]
[PlyCount "92"]
[EventDate "2004.09.04"]
[EventType "swiss"]
[EventRounds "9"]
[EventCountry "BRA"]
[SourceTitle "CBM 102 Extra"]
[Source "ChessBase"]
[SourceDate "2004.11.03"]
[SourceVersion "1"]
[SourceVersionDate "2004.11.03"]
[SourceQuality "1"]

1. e4 e6 2. d4 d5 3. e5 c5 4. c3 Nc6 5. Nf3 Nge7 6. a3 Nf5 7. b4 cxd4 8. cxd4
Qb6 9. Bb2 Be7 10. h4 h5 11. Bd3 Bd7 12. Bxf5 exf5 13. Nc3 Be6 14. O-O Qd8 15.
g3 g5 16. hxg5 Bxg5 17. b5 Na5 18. Bc1 Bxc1 19. Rxc1 h4 20. Ne2 hxg3 21. fxg3
Nc4 22. Kf2 Qa5 23. a4 O-O-O 24. Nf4 Kb8 25. Ke2 Rc8 26. Nd3 Rcg8 27. Kf2 Rg4
28. Nf4 Rgg8 29. Nd3 Rg4 30. Nf4 Rgg8 31. Qe2 Qxa4 32. Ra1 Qxb5 33. Rfb1 Qc6
34. Qa2 a5 35. Nd3 Rh3 36. Nc5 Bc8 37. e6 fxe6 38. Ne5 Nxe5 39. Qxa5 Nd3+ 40.
Nxd3 Qc2+ 41. Ke3 Rhxg3+ 42. Kf4 R3g4+ 43. Ke5 Qh2+ 44. Kf6 Qh8+ 45. Ke7 Qg7+
46. Kd6 Qf8+ 0-1